ბათუმის შოთა რუსთაველის სახელმწიფო უნივერსიტეტის ბიბლიოთეკა

Small States in International Relations (ბიბ.ჩანაწერი № 45268)

000 -LEADER
fixed length control field 00530nam a2200205Ia 4500
001 - CONTROL NUMBER
control field 12092
003 - CONTROL NUMBER IDENTIFIER
control field GE_BSU
008 - FIXED-LENGTH DATA ELEMENTS--GENERAL INFORMATION
fixed length control field 181216s||||||||xx |||||||||||||| ||und||
020 ## - INTERNATIONAL STANDARD BOOK NUMBER
International Standard Book Number 9780295985240
040 ## - CATALOGING SOURCE
Transcribing agency GE_BSU
080 ## - UNIVERSAL DECIMAL CLASSIFICATION NUMBER
Universal Decimal Classification number 327
245 ## - TITLE STATEMENT
Title Small States in International Relations
245 ## - TITLE STATEMENT
Statement of responsibility, etc. Qristine Ingebritsen, Iver Neumann, Sieglinde Gstohl,Jessica Beyer
260 ## - PUBLICATION, DISTRIBUTION, ETC.
Place of publication, distribution, etc. Washington
260 ## - PUBLICATION, DISTRIBUTION, ETC.
Date of publication, distribution, etc. 2006
300 ## - PHYSICAL DESCRIPTION
Extent 334p.23cm.
653 ## - INDEX TERM--UNCONTROLLED
Uncontrolled term Small States in International Relations
942 ## - ADDED ENTRY ELEMENTS (KOHA)
Koha item type წიგნი
ეგზემპლარები
Withdrawn status Lost status Damaged status Not for loan Date acquired Barcode Date last seen Price effective from Koha item type
        2018-12-17 35951 2018-12-17 2018-12-17 წიგნი